000 00795nam a2200241 a 4500
001 000025384
005 20200930023741.0
008 110215s1966 sp a r 001 0 spa d
040 _aDO-SdBNP
_bspa
_cBNPHU
041 1 7 _aspa
_hfre
_2Código de idiomas MARC
082 _ann*
_bnn*
100 1 _aBayle, Jorge.
_951973
240 1 0 _aCours de statique graphique.
_lEspañol
245 1 0 _aEstática gráfica /
_cJorge Bayle ; traducción de Fernando Hevia Cangas.
260 _aBarcelona :
_bHispano Europea,
_c1966.
300 _a248 p. :
_bil. ;
_c20 cm.
490 1 _aBiblioteca Técnica
534 _aTítulo original :
_tCours de statique graphique
500 _aIncluye índice.
700 1 _aHevia Cangas, Fernando,
_etr.
_951974
830 0 _aBiblioteca Técnica
_949000
049 _aBNGR
999 _c24876
_d24876